| 000 | 00924cam a2200241 a 4500 | ||
|---|---|---|---|
| 001 | 000008277 | ||
| 005 | 20200929161324.0 | ||
| 008 | 771031s1970 sp 000 j spa | ||
| 040 |
_aDO-SdBNP _cDLC _dDLC |
||
| 082 |
_a863.5 _bP434l |
||
| 100 | 1 |
_aPereda, José María de, _d1833-1906. _922416 |
|
| 245 | 1 | 3 |
_aLa leva y otros cuentos. / _cJosé María de pereda ; prólogo y notas de Laureano Bonet. |
| 260 |
_aMadrid, : _bAlianza, _c1970. |
||
| 300 |
_a241 p. ; _c18 cm. |
||
| 490 | 1 |
_aEl Libro de bolsillo _v253 _aLiteratura |
|
| 505 | 0 | _aLa leva.--El fin de una raza.--El raquero.--La buena gloria.--Las brujas.--A las Indias.--Blasones y talegas. | |
| 650 | 4 |
_aCuentos españoles _93194 |
|
| 650 | 4 |
_aLiteratura española _9632 |
|
| 650 | 4 |
_aCostumbrismo _xCuento _922417 |
|
| 700 | 1 |
_aBonet, Laureano, _eprol. _922418 |
|
| 830 | 3 |
_aEl Libro de bolsillo ; _v253 _pLiteratura. _99165 |
|
| 910 | _aCatalogación por copia / LC | ||
| 999 |
_c8048 _d8048 |
||